| 000 | 01169cam a2200301 a 4500 | ||
|---|---|---|---|
| 001 | 16130600 | ||
| 003 | OSt | ||
| 005 | 20150408113954.0 | ||
| 008 | 111204s1996 nyua b 000 1 eng | ||
| 010 | _a 2010291896 | ||
| 020 | _a9780199733491 (pbk. : acidfree paper) | ||
| 040 |
_aDLC _cDLC _dDLC |
||
| 043 | _an-us--- | ||
| 050 | 0 | 0 |
_aPS1322 _b.T4 2010 |
| 082 | 0 | 0 |
_a823.4 T M T _222 |
| 100 | 1 |
_aTwain, Mark, _d1835-1910. |
|
| 245 | 1 | 4 |
_aThe $30,000 bequest and other stories / _cMark Twain ; foreword, Shelley Fisher Fishkin ; introduction, Frederick Busch ; afterword, Judith Yaross Lee. |
| 246 | 3 | _aThirty thousand dollar bequest and other stories | |
| 260 |
_aNew York : _bOxford University Press, _c1996. |
||
| 300 |
_axlv, iv, 522, 29 p. : _bill. ; _c22 cm. |
||
| 490 | 0 | _aThe Oxford Mark Twain | |
| 504 | _aIncludes bibliographical references. | ||
| 650 | 0 |
_aHumorous stories, American. _97178 |
|
| 651 | 0 |
_aUnited States _xSocial life and customs _vFiction. _96947 |
|
| 906 |
_a7 _bcbc _corignew _d2 _encip _f20 _gy-gencatlg |
||
| 942 |
_2ddc _cDVD |
||
| 999 |
_c19241 _d253741 |
||